Książka polska na Warmii i Mazurach
| Titel: | Książka polska na Warmii i Mazurach |
|---|---|
| Verfasser: | |
| In: |
Bibliotekarz Olsztyński, Heft 3/4 (1996), Seite 46-55 alle Artikel anzeigen |
| Veröffentlicht: | 1996 [1997] |
| Format: | Aufsatz |
| Sprache: | Polnisch |
X
alg: 39355406 001A $01999:12-11-16 001B $01999:25-05-21 $t21:43:46.000 001D $01999:12-11-16 001U $0utf8 001X $00 002@ $0Aox 003@ $0393554066 007A $0393554066 $aHEB 007T $0Herdt04902 010@ $apol 011@ $a1996 $n1996 [1997] 021A $aKsiążka polska na Warmii i Mazurach 027A $aDas polnische Buch im Ermland und in Masuren 028A $7 $8Achremczyk, Stanisław [Tnd] $9138905223 031A $e3/4 $h46-55 $j1996 039B $aIn $8--Abvc--. Bibliotekarz Olsztyński. - Olsztyn : Woj. Bibl. Publ., 1983-1998. - ISSN 1426-4218 $x199600000000003954 $9287103307 045F $a307.09438 $eDDC23BSB 045F/01 $a307.09 045F/03 $g438 045F/03 $g4382 045F/03 $g43832 046C $aDas polnische Buch im Ermland und in Masuren $bÜbers. des Hauptsacht. lok: 39355406 78 exp: 39355406 78 1 #EPN 201B/01 $010-09-18 $t22:47:48.000 201U/01 $0utf8 203@/01 $078966450X 208@/01 $a12-11-16 $be 209A/01 $a/ $f000 $x00 220C/01 $aTitelaufnehmer: uz 244Z/01 $2Trx $#Poola $#Lenkija $#Polija $#Polen Land $#Poland $#Lengyelország $#Poľsko $#Polsko $8--Trx--Polska$gkraj $x01 $9391345966 244Z/01 $2Trx $#Prusy Wschodnie i Zachodnie $8--Trx--Ost- und Westpreußen $x02 $939113373X 244Z/01 $#Warmia $#Warmien $#Ermeland $#Varmė $#Wārmi $74015327-7 $8--Tg1--Ermland $x03 $9085034932 244Z/01 $#Mazury $74037914-0 $8--Tg1--Masuren $x04 $9085103527 244Z/01 $aGeschichte 1544-1939 $x05 244Z/01 $2Trx $#raamatu ajalugu $#knygos istorija $#Books, history of $#könyvtörténet $#książka $#dejiny knihy $#dějiny knihy $#Buchwissenschaft $#Buchwesen $#książka polska $#bibliologia $8--Trx--Buchgeschichte $x06 $9391371665 244Z/01 $2Trx $8--Trx--Zeitschriftenaufsatz $x07 $9391384341 245Z/01 $a13.02 $x01 245Z/01 $a11.06 $x02 247C/01 $82080>Marburg/Lahn, Herder-Institut, Forschungsbibliothek, Bibliographieportal $9336309341
| LEADER | 00000caa a22000002c 4500 | ||
|---|---|---|---|
| 001 | 393554066 | ||
| 003 | DE-603 | ||
| 005 | 20210525214346.0 | ||
| 007 | tu | ||
| 008 | 161112s1996 xx |||| | u00||u|pol c | ||
| 035 | |a (DE-599)HEB393554066 | ||
| 040 | |a DE-603 |b ger |c DE-603 |d DE-603 | ||
| 041 | |a pol | ||
| 082 | 0 | 4 | |8 1\u |a 307.09438 |q DE-101 |2 23/BSB |
| 085 | |8 1\u |b 307.09 | ||
| 085 | |8 1\u |z 2 |s 438 | ||
| 085 | |8 1\u |z 2 |s 4382 | ||
| 085 | |8 1\u |z 2 |s 43832 | ||
| 100 | 1 | |a Achremczyk, Stanisław |0 (DE-603)138905223 | |
| 245 | 0 | 0 | |a Książka polska na Warmii i Mazurach |
| 246 | 1 | |i Übers. des Hauptsacht. |a Das polnische Buch im Ermland und in Masuren | |
| 246 | 1 | 3 | |a Das polnische Buch im Ermland und in Masuren |
| 264 | 0 | |c 1996 [1997] | |
| 773 | 0 | 8 | |i In |t Bibliotekarz Olsztyński |d Olsztyn : Woj. Bibl. Publ., 1983-1998 |x 1426-4218 |g Heft 3/4 (1996), Seite 46-55 |w (DE-603)287103307 |w (DE-600)2645626-6 |
| 924 | 0 | |9 2080 |a (DE-603)78966450X |b DE-2080 |c HES |d d |g / | |


